Hospitality management: an introduction (Record no. 76341)

MARC details
000 -LEADER
fixed length control field 01320nam a2200229 a 4500
008 - FIXED-LENGTH DATA ELEMENTS--GENERAL INFORMATION
fixed length control field 070507s1994 ||||||||||||||||| || u
020 ## - INTERNATIONAL STANDARD BOOK NUMBER
International Standard Book Number 058231271X
050 ## - LIBRARY OF CONGRESS CALL NUMBER
Classification number TX 911.3.M3 Kno
100 ## - MAIN ENTRY--PERSONAL NAME
Personal name Knowles, Tim
245 10 - TITLE STATEMENT
Title Hospitality management: an introduction
250 ## - EDITION STATEMENT
Edition statement 2nd ed.
260 ## - PUBLICATION, DISTRIBUTION, ETC.
Place of publication, distribution, etc. Harlow
Name of publisher, distributor, etc. Longman
Date of publication, distribution, etc. 1994
300 ## - PHYSICAL DESCRIPTION
Extent xii,310 pages : illustrations
350 ## -
-- 0.00
650 ## - SUBJECT ADDED ENTRY--TOPICAL TERM
Topical term or geographic name entry element TOURISM
650 ## - SUBJECT ADDED ENTRY--TOPICAL TERM
Topical term or geographic name entry element HOSPITALITY INDUSTRY--MANAGEMENT
995 ## -
-- MAIN LIBRARY OPEN ACCESS
-- 0.00
-- 737691
-- CBU-MAIN LIBRARY (Kitwe)
-- 1
-- 0.00
-- TX 911.3.M3 Kno
-- 2
-- AVAILABLE
-- May 7, 2007
-- 54893
-- Main Library Open Access Collection
995 ## -
-- ANNEX COLLECTION (Main Library)
-- 0.00
-- 737693
-- CBU-MAIN LIBRARY (Kitwe)
-- 1
-- 0.00
-- TX 911.3.M3 Kno
-- 3
-- AVAILABLE
-- May 7, 2007
-- 54895
-- Annex Low-Usage Collection
995 ## -
-- ANNEX COLLECTION (Main Library)
-- 0.00
-- 737694
-- CBU-MAIN LIBRARY (Kitwe)
-- 1
-- 0.00
-- TX 911.3.M3 Kno
-- 1
-- AVAILABLE
-- May 7, 2007
-- 54894
-- Annex Low-Usage Collection
995 ## -
-- TEXTBOOKS (SNR)
-- 0.00
-- 4104
-- CBU-SCHOOL TEXTBOOK COLLECTIONS
-- 1
-- 0.00
-- SCHOOL TEXTBOOK
-- 5
-- AVAILABLE
-- Aug 4, 2009
-- 4104
-- School Collections
995 ## -
-- MAIN LIBRARY OPEN ACCESS
-- 0.00
-- 737692
-- CBU-MAIN LIBRARY (Kitwe)
-- 1
-- 0.00
-- TX 911.3.M3 KNO
-- 4
-- AVAILABLE
-- May 7, 2007
-- 54896
-- Main Library Open Access Collection
999 ## -
-- 76341
-- 76341
Holdings
Withdrawn status Lost status Source of classification or shelving scheme Damaged status Not for loan Permanent Location Current Location Shelving location Date acquired Total Checkouts Full call number Barcode Date last seen Copy number Price effective from Koha item type
          CBU-MAIN LIBRARY, KITWE. CBU-MAIN LIBRARY, KITWE.   04/25/2023   TX 911.3.M3 Kno 54893 04/25/2023 1 04/25/2023 MONOGRAPH
          CBU-MAIN LIBRARY, KITWE. CBU-MAIN LIBRARY, KITWE.   04/25/2023   TX 911.3.M3 Kno 54895 04/25/2023 2 04/25/2023 MONOGRAPH
          CBU-MAIN LIBRARY, KITWE. CBU-MAIN LIBRARY, KITWE.   04/25/2023   TX 911.3.M3 Kno 54894 04/25/2023 3 04/25/2023 MONOGRAPH
          CBU-MAIN LIBRARY, KITWE. CBU-MAIN LIBRARY, KITWE.   04/25/2023   TX 911.3.M3 Kno 54896 04/25/2023 5 04/25/2023 MONOGRAPH
          CBU-SCHOOL TEXT BOOK COLLECTION CBU-SCHOOL TEXT BOOK COLLECTION   04/25/2023   SCHOOL TEXTBOOK 4104 04/25/2023 4 04/25/2023 MONOGRAPH